000 00722nab a2200229u 4500
001 19391
003 HDC
007 c| |||a|c|aaaa
008 210227b20091108my ||||o |||| 00| 0 eng d
040 _aHDC
100 _aTed Jeory /
_eauthor
_917844
245 0 _aAsda in Halal Storm /
_cTed Jeory
336 _atext
_2rdacontent
337 _acomputer
_2rdamedia
338 _aonline resource
_2rdacarrier
650 _ahalal counter
_917845
650 _ahalal only section
_917846
856 _zRequest full-text at [email protected]
942 _2lcc
942 _cNEWS
942 _kNWS0 003551
999 _c16707
_d16707